[Event "OSEM 2019"]
[Site "Oberviechtach"]
[Date "2019.04.16"]
[Round "7.13"]
[White "Scheck, Arthur"]
[Black "Eckl, Stefan"]
[Result "1-0"]
[WhiteElo "1312"]
[BlackElo "799"]
[PlyCount "117"]
[EventDate "2019.??.??"]
[WhiteTeam "SK Weiden"]
[BlackTeam "SV OVI"]

1. d4 d5 2. Nf3 Nc6 3. Bf4 Bf5 4. e3 a6 5. a3 e6 6. c4 dxc4 7. Bxc4 Nf6 8. Nc3
Bd6 9. Bg5 Be7 10. O-O Bg4 11. Be2 h6 12. Bh4 Nd5 13. Bxe7 Ncxe7 14. Ne4 O-O
15. h3 Bf5 16. Ned2 Qd7 17. e4 Nf4 18. exf5 Nxe2+ 19. Qxe2 Nxf5 20. Qe4 Qd5 21.
Qxd5 exd5 22. Nb3 Rfe8 23. Rac1 c6 24. Rfe1 Kf8 25. Nc5 Re7 26. Rxe7 Nxe7 27.
b4 Ra7 28. Ne5 Nf5 29. Rd1 a5 30. g4 Nd6 31. Rb1 Nb5 32. bxa5 Rxa5 33. Nxb7
Rxa3 34. Nxc6 Nc3 35. Re1 Ra6 36. Nba5 Nb5 37. Re5 Nxd4 38. Rxd5 Nxc6 39. Nc4
Nb4 40. Rb5 Nc6 41. Kg2 Ra4 42. Ne3 Rb4 43. Rc5 Nd4 44. Rc8+ Ke7 45. Nd5+ Kd7
46. Rf8 Rb7 47. Rxf7+ Kc6 48. Rxb7 Kxb7 49. Kg3 g5 50. Ne3 Ne2+ 51. Kh2 Nd4 52.
Nf5 Nxf5 53. gxf5 Kc7 54. Kg3 h5 55. f4 gxf4+ 56. Kxf4 Kd6 57. Kg5 Ke5 58. f6
Ke6 59. Kg6 1-0

[Event "OSEM 2019"]
[Site "Oberviechtach"]
[Date "2019.04.16"]
[Round "8.1"]
[White "Zeitler, Jürgen"]
[Black "Klinkhammer, Christopher"]
[Result "1/2-1/2"]
[WhiteElo "1596"]
[BlackElo "1688"]
[PlyCount "32"]
[EventDate "2019.??.??"]
[WhiteTeam "DJK Amberg"]
[BlackTeam "DJK Amberg"]

1. e4 e5 2. Nf3 d6 3. d4 exd4 4. Qxd4 Nf6 5. Bg5 Nc6 6. Bb5 Be7 7. Nc3 O-O 8.
Bxc6 bxc6 9. O-O Nd7 10. Qe3 Bxg5 11. Qxg5 Qxg5 12. Nxg5 h6 13. Nf3 Rb8 14. b3
Bb7 15. Rad1 f5 16. Rfe1 fxe4 1/2-1/2

[Event "OSEM 2019"]
[Site "Oberviechtach"]
[Date "2019.04.16"]
[Round "8.2"]
[White "Paßler, Lukas"]
[Black "Horeth, Marco"]
[Result "1/2-1/2"]
[WhiteElo "1501"]
[BlackElo "1354"]
[PlyCount "83"]
[EventDate "2019.??.??"]
[WhiteTeam "DJK Amberg"]
[BlackTeam "FC Mintraching"]

1. c4 c6 2. Nc3 d5 3. e3 Bf5 4. Nf3 e6 5. h3 Nd7 6. d4 Be7 7. b3 g5 8. cxd5
exd5 9. Bd3 Bg6 10. Bxg6 hxg6 11. Nd2 f5 12. g4 Nh6 13. gxf5 gxf5 14. Qh5+ Nf7
15. Qf3 Nd6 16. Ba3 Qa5 17. Ncb1 O-O-O 18. Bxd6 Bxd6 19. Qxf5 Rhg8 20. Qd3 g4
21. hxg4 Rxg4 22. Ke2 Re8 23. Nf3 Kc7 24. Rh7 Re7 25. Rxe7 Bxe7 26. Nbd2 Bb4
27. a4 Rg2 28. Rg1 Rxg1 29. Nxg1 Bxd2 30. Qxd2 Qb6 31. Qd3 a6 32. f4 c5 33. Qc3
Qg6 34. Kf2 b6 35. dxc5 bxc5 36. Nf3 Kb7 37. Ne5 Nxe5 38. fxe5 Qf5+ 39. Ke2
Qg4+ 40. Kd2 Qg2+ 41. Kc1 Kc6 42. Qd2 1/2-1/2

[Event "OSEM 2019"]
[Site "Oberviechtach"]
[Date "2019.04.16"]
[Round "8.3"]
[White "Fischer, Manfred"]
[Black "Voith, Walter"]
[Result "1-0"]
[WhiteElo "1431"]
[BlackElo "1460"]
[PlyCount "81"]
[EventDate "2019.??.??"]
[WhiteTeam "SC Bavaria Regensburg von 1881"]
[BlackTeam "SV OVI"]

1. c4 Nf6 2. Nc3 g6 3. g3 Bg7 4. Bg2 d6 5. e4 e5 6. Nge2 Nc6 7. O-O Be6 8. d3
Qd7 9. Rb1 Bh3 10. b4 Bxg2 11. Kxg2 h5 12. Bg5 Ne7 13. h4 c6 14. d4 Nh7 15.
dxe5 Bxe5 16. f4 Bg7 17. Bxe7 Qxe7 18. Qd3 O-O 19. b5 Nf6 20. Rbd1 Rfd8 21. a4
a5 22. Rde1 Qe6 23. Nd4 Qd7 24. Nd1 Re8 25. Nf2 d5 26. cxd5 cxd5 27. e5 Ng4 28.
Re2 Rac8 29. Rfe1 Nxf2 30. Rxf2 Rc4 31. Ra2 Qc8 32. Ra3 Bf8 33. Rb3 Bc5 34. Ne2
Bb4 35. Rd1 Rd8 36. Nd4 Rc3 37. Rxc3 Qxc3 38. Qxc3 Bxc3 39. e6 fxe6 40. Nxe6 d4
41. Nxd8 1-0

[Event "OSEM 2019"]
[Site "Oberviechtach"]
[Date "2019.04.16"]
[Round "8.4"]
[White "Blodig, Samuel"]
[Black "Hofstetter, Markus"]
[Result "1-0"]
[WhiteElo "1337"]
[BlackElo "1396"]
[PlyCount "81"]
[EventDate "2019.??.??"]
[WhiteTeam "TV Riedenburg"]
[BlackTeam "SV OVI"]

1. e4 e5 2. Nf3 Nc6 3. Bc4 d6 4. O-O Be7 5. c3 Nf6 6. Re1 O-O 7. d4 exd4 8.
cxd4 Bg4 9. Bg5 Nb4 10. Qb3 Bxf3 11. Bxf6 Bxf6 12. Qxb4 Bg4 13. Nc3 Bxd4 14.
Bxf7+ Rxf7 15. Qxd4 Be6 16. Rac1 Qd7 17. b3 c5 18. Qd3 a6 19. Red1 Rd8 20. Rc2
Qc6 21. Rcd2 Rfd7 22. Qg3 b5 23. h3 b4 24. Na4 c4 25. Rd4 cxb3 26. axb3 a5 27.
Qd3 d5 28. e5 Rc8 29. f4 g6 30. Kh2 Bf5 31. Qd2 Rcd8 32. Rc1 Qa8 33. Nb6 Qb7
34. Nxd7 Rxd7 35. Rc5 Be4 36. Rxa5 Qc6 37. Qxb4 Rb7 38. Ra8+ Kf7 39. Qf8+ Ke6
40. Qf6+ Kd7 41. Qf7# 1-0

[Event "OSEM 2019"]
[Site "Oberviechtach"]
[Date "2019.04.16"]
[Round "8.5"]
[White "Limmer, Ewald"]
[Black "Strasser, Karl-Heinz"]
[Result "0-1"]
[WhiteElo "1466"]
[BlackElo "1476"]
[PlyCount "67"]
[EventDate "2019.??.??"]
[WhiteTeam "FC Mintraching"]
[BlackTeam "TSG Laaber"]

1. e4 c6 2. Nf3 d5 3. exd5 cxd5 4. d4 Bg4 5. Be2 e6 6. Be3 Qb6 7. b3 Qa5+ 8. c3
Nf6 9. b4 Qc7 10. Bb5+ Nbd7 11. Qa4 Bxf3 12. gxf3 a6 13. Bxd7+ Nxd7 14. f4 Bd6
15. f5 Bxh2 16. Qb3 Nf6 17. fxe6 fxe6 18. Nd2 Ng4 19. c4 Rd8 20. Bg5 dxc4 21.
Qxc4 Qxc4 22. Nxc4 Rxd4 23. f3 Bg3+ 24. Ke2 Rxc4 25. fxg4 Rxb4 26. Rhd1 O-O 27.
Rd7 h6 28. Be7 Rf2+ 29. Ke3 Ra4 30. Rad1 b5 31. a3 Rff4 32. Rd8+ Kh7 33. R1d7
Rf7 34. Re8 0-1

[Event "OSEM 2019"]
[Site "Oberviechtach"]
[Date "2019.04.16"]
[Round "8.8"]
[White "Kutschera, Reinhardt"]
[Black "Scheck, Arthur"]
[Result "0-1"]
[WhiteElo "1483"]
[BlackElo "1312"]
[PlyCount "62"]
[EventDate "2019.??.??"]
[WhiteTeam "DJK-Regensburg Nord"]
[BlackTeam "SK Weiden"]

1. c4 e5 2. Nc3 Nf6 3. a3 c6 4. Nf3 e4 5. Ng5 d5 6. cxd5 cxd5 7. g3 Be7 8. Qa4+
Bd7 9. Qb3 Bc6 10. Bg2 O-O 11. e3 Nbd7 12. O-O Nc5 13. Qd1 Nd3 14. Qe2 h6 15.
Nh3 a5 16. Nf4 Nc5 17. d3 exd3 18. Nxd3 Nfe4 19. Bxe4 Nxe4 20. Nxe4 dxe4 21.
Ne5 Qd5 22. Nc4 Bb5 23. b3 a4 24. Nb6 Qc6 25. Qg4 Bxf1 26. Nxa8 Bd3 27. Bb2 Bf6
28. Rc1 Qd6 29. Bxf6 Qxf6 30. Rc8 Qa1+ 31. Kg2 Qf1# 0-1

[Event "OSEM 2019"]
[Site "Oberviechtach"]
[Date "2019.04.16"]
[Round "8.9"]
[White "Fritsch, Nicolas"]
[Black "Stöckl, Leonard"]
[Result "1/2-1/2"]
[WhiteElo "1153"]
[BlackElo "1273"]
[PlyCount "55"]
[EventDate "2019.??.??"]
[WhiteTeam "DJK Amberg"]
[BlackTeam "SK Schwandorf"]

1. c4 e5 2. Nc3 Nc6 3. g3 Bc5 4. Bg2 Nf6 5. e3 d6 6. Nge2 Be6 7. b3 d5 8. cxd5
Nxd5 9. Bb2 Qd7 10. O-O Nf6 11. Ne4 Nxe4 12. Bxe4 Bd5 13. Qc2 Bxe4 14. Qxe4 f5
15. Qh4 Be7 16. Qc4 O-O-O 17. Bc3 Bf6 18. Rad1 Rhg8 19. d4 exd4 20. Nxd4 Nxd4
21. Bxd4 Bxd4 22. Rxd4 Qe7 23. Rfd1 g5 24. Rxd8+ Rxd8 25. Rxd8+ Qxd8 26. Qe6+
Qd7 27. Qg8+ Qd8 28. Qe6+ 1/2-1/2

[Event "OSEM 2019"]
[Site "Oberviechtach"]
[Date "2019.04.16"]
[Round "8.10"]
[White "Blodig, Vincent"]
[Black "Forster, Stephan"]
[Result "0-1"]
[WhiteElo "1124"]
[BlackElo "1591"]
[PlyCount "90"]
[EventDate "2019.??.??"]
[WhiteTeam "TV Riedenburg"]
[BlackTeam "DJK Amberg"]

1. e4 c5 2. Nc3 Nc6 3. g3 d6 4. Bg2 Nf6 5. d3 g6 6. f4 Bg4 7. Nge2 Qc8 8. h3
Bd7 9. Be3 Bg7 10. Qd2 a6 11. O-O Bxh3 12. Bxh3 Qxh3 13. Kf2 Ng4+ 14. Ke1 Nxe3
15. Qxe3 Nd4 16. Kd2 O-O-O 17. b4 Nxe2 18. Nxe2 Bxa1 19. Rxa1 b6 20. Rb1 Kc7
21. a4 Rb8 22. e5 Rhe8 23. b5 Qg2 24. d4 axb5 25. axb5 Ra8 26. dxc5 dxc5 27. e6
Red8+ 28. Kc3 f6 29. Rg1 Qd5 30. Nc1 Ra3+ 31. Nb3 Qd4+ 32. Qxd4 Rxd4 33. Kb2
Rda4 34. Rd1 Rxb3+ 35. cxb3 Rd4 36. Ra1 Kb7 37. Rh1 Re4 38. Rxh7 Rxe6 39. Rh1
Re3 40. Rh7 Kc8 41. Rh6 Rxg3 42. Kc2 Kd7 43. Kb2 g5 44. f5 Rf3 45. Rh8 Rxf5 0-1

[Event "OSEM 2019"]
[Site "Oberviechtach"]
[Date "2019.04.16"]
[Round "8.11"]
[White "Schwarzmeier, Christine"]
[Black "Eichinger, Bernd"]
[Result "0-1"]
[WhiteElo "1045"]
[BlackElo "1411"]
[PlyCount "64"]
[EventDate "2019.??.??"]
[WhiteTeam "TV Riedenburg"]
[BlackTeam "SK Schwandorf"]

1. e4 d5 2. exd5 Qxd5 3. Nc3 Qa5 4. Nf3 Bg4 5. Be2 Nf6 6. d3 c6 7. Bd2 Qc7 8.
Ne4 Nbd7 9. Bc3 Nxe4 10. dxe4 O-O-O 11. O-O Nc5 12. Nd4 Bxe2 13. Qxe2 e5 14.
Nf3 f6 15. b4 Ne6 16. a3 g5 17. Qc4 Qe7 18. b5 c5 19. a4 h5 20. h3 g4 21. Nh4
gxh3 22. Kh2 hxg2 23. Rg1 Rg8 24. Nf5 Qe8 25. a5 Rg6 26. Ne3 Nf4 27. Nd5 Qe6
28. Nb6+ axb6 29. Qxe6+ Nxe6 30. axb6 Bd6 31. f3 Nd4 32. Be1 Nxf3+ 0-1

[Event "OSEM 2019"]
[Site "Oberviechtach"]
[Date "2019.04.16"]
[Round "8.7"]
[White "Kammer, Fabian"]
[Black "Hauer, Julian"]
[Result "1/2-1/2"]
[WhiteElo "1459"]
[BlackElo "1438"]
[PlyCount "73"]
[EventDate "2019.??.??"]
[WhiteTeam "TSV Nittenau"]
[BlackTeam "SC Sulzbach-Rosenberg"]

1. e4 e5 2. Bc4 Bc5 3. d3 h6 4. Be3 Be7 5. Ne2 Nf6 6. h3 c6 7. Nbc3 d5 8. exd5
cxd5 9. Bb5+ Bd7 10. Bxd7+ Nbxd7 11. d4 e4 12. O-O Nb6 13. Ng3 O-O 14. Nce2 Nc4
15. b3 Nxe3 16. fxe3 Bd6 17. c4 Bxg3 18. Nxg3 dxc4 19. bxc4 Qc7 20. Nf5 Qxc4
21. Nxh6+ gxh6 22. Rxf6 Kg7 23. Rf4 Qe6 24. Qg4+ Qxg4 25. Rxg4+ Kh7 26. Rxe4
Rae8 27. Rxe8 Rxe8 28. Re1 Kg6 29. Kf2 Re6 30. e4 Ra6 31. Re2 Ra3 32. Rd2 Kf6
33. d5 Ke7 34. Kg1 f6 35. Kh2 Kd6 36. g3 Re3 37. Rb2 1/2-1/2